Statistiken für Länder, die Russisch, Deutsch oder Persisch sprechen

Klicken Sie hier um das Quiz zu spielen!

Allgemein

  • Dieses Quiz wurde 171 mal gespielt
  • Das Durchschnittsergebnis liegt bei 10 aus 13

Antwortstatistiken

Antwort% Korrekt
Deutschland
99%
Russland
99%
Iran
94%
Schweiz
92%
Osterreich
91%
Belarus
83%
Kasachstan
79%
Luxemburg
79%
Liechtenstein
77%
Belgien
71%
Kirgisistan
61%
Afghanistan
57%
Tadschikistan
57%

Verteilung der Resultate

Perzentil nach korrekt beantworteten Fragen

Anzahl Personen mit jedem Resultat

Ihre Resultats-Entwicklung

Sie haben dieses Quiz noch nicht gespielt